000 00351nam a2200145 i 4500
001 bg
100 1 _aSCHWATE, Werner
245 0 _aVerfahrenslehre Backereiwaren /
_cUdo Ulrich, Werner Schwate.
260 _aLeipzig,
_c1974.
700 1 _aULRICH, Udo
040 _cBPK
041 _apol
942 _cKS
008 s pl f |000 0 pol
999 _c16093
_d16093
856 _uhttp://koha.tu.koszalin.pl/cgi-bin/koha/opac-detail.pl?biblionumber=16093
_yKatalog online BPK